00780cam a2200217 i 450000100060000000300080000600500170001400800390003103500190007004000230008904100080011208200210012011000600014124500240020126000870022530000500031265100230036294200120038599900170039795201480041428712BD-RjUL20211209051323.0140331s1974 bg af 000 0 eng a(BD-RjUL)28794 aDLCcDLCdDLCbeng aeng00a954.92bTHI 19741 aBangladesh.bTathya o Betāra Mantraṇālaya.98786510aThis is Bangladesh. a[Dacca] :bDept. of Publications, Ministry of Information and Broadcasting,c1974. a32 p., [8] leaves of plates :bill. ;c22 cm. 0aBangladesh.987864 2ddccBK c28712d28712 00102ddc40728NFICaRUCLbRUCLcReadingd1990-11-12eshqwkat osman dhakag0.00l0o954.92 THI 1974r2014-03-31 00:00:00tC-1w2014-03-31yBK